| 000 | 00602nam a2200241 a 4500 | ||
|---|---|---|---|
| 001 | nice12345678 | ||
| 003 | IN_TiNIC | ||
| 005 | 20260116014145.0 | ||
| 008 | 050524s2004 dela grp 000 0 eng | ||
| 020 |
_a8170995 _c250 |
||
| 082 | 0 | 0 |
_a306.0899145 _bVAI |
| 100 | _aVaid, Naresh Kumar | ||
| 245 | _aWho Cares for Tribal Development | ||
| 260 |
_aDelhi _bMittal Publication _c2004 |
||
| 300 | _a150p | ||
| 500 | _aincludes index and biblioraphy | ||
| 505 | 2 | _aIndex | |
| 650 | _aTribes-India | ||
| 700 | 1 | _aVaid, Naresh Kumar | |
| 902 | _bSRS | ||
| 942 | _cBK | ||
| 999 |
_c14124 _d14124 |
||